00750nam a2200217Ia 4500003000400000005001700004008004100021040000700062041001200069082002100081100002300102245007200125260004700197365001300244650003100257650003000288906005100318942001200369999001900381952013200400OSt20250822173836.0210423s2007 xx 000 0 und d cAL aEnglish a321.80954 bSOOC aPooja Sood9122428 aConstitutional challenges and IPC provisionsb: a judicial approach aNew DelhibDeep and deep publicationc2007 b300cINR aDemocratic Systems9122429 aPolitical Science9122430 achallenges ; Constitutional ; ipc ; provisions 2ddccBK c175247d175247 001040708MSWaSACPGbSACPGd2008-08-22eBook Worldg300.00l0o321.80954 SOOCpPG021946r2022-08-24 00:00:00w2021-04-26yBK